01413 a2200169 45000010006000000050017000060080041000230030015000640400040000790800079001192450058001982640051002563000019003075050888003260410008012141000021012225877920260407155842.0260407a1975 arg spa dAR-UNSa-BCEJYS aAR-UNSa-BCEJYSbspacAR-UNSa-BCEJYS a336.226.3xImpuestos por el uso de los ingresos. Impuestos al consumo. IVA10aTributación sobre el valor agregadopLey Nº 20.631 1aBuenos Aires :bVíctor P. de Zavalíac1975 a287 p.c23 cm. a1. Pautas previas para la tributación - 2. Antecedentes históricos de la tributación sobre venta y servicios - 3. Presupuestos constitucionales sobre el IVA - 4. Imposición sobre las ventas - 5. Ubicación del impuesto al valor agregado en el sistema tributario estatal y particularmente en el sistema impositivo argentino - 6. Concepto del impuesto sobre el valor agregado - 7. Principios generales aplicables en la tributación sobre el valor agregado - 8. Análisis de la legislación Argentina sobre el impuesto al valor agregado - 9. Jurisprudencia sobre aplicación de las leyes impositivas a los consumos - 10. Régimen de la inscripción - 11. Régimen de recaudación - 12. Régimen de coparticipación - 13. Legislación comparada sobre el impuesto al valor agregado - 14. Consideraciones finales sobre la legislación del impuesto al valor agregado.  aspa1 aJuano, Manuel de